[Event "FIDE World Cup 2025"]
[Site "Goa, India"]
[Date "2025.11.01"]
[Round "1.29"]
[White "Galaviz Medina, Sion Radamantys"]
[Black "Supi, Luis Paulo"]
[Result "1/2-1/2"]
[TimeControl ": 90 minutes for the first 40 moves, followed by 30 minutes for the rest of the gamewith an increment of 30 seconds per move starting from move 1"]
[WhiteFideId "5123119"]
[BlackFideId "2106388"]
[WhiteElo "2515"]
[BlackElo "2575"]

1. d4 {[%clk 01:30:56]} {[%emt 00:00:03]} Nf6 {[%clk 01:30:53]} {[%emt
00:00:07]} 2. c4 {[%clk 01:31:22]} {[%emt 00:00:04]} e6 {[%clk 01:30:41]}
{[%emt 00:00:40]} 3. Nc3 {[%clk 01:31:00]} {[%emt 00:00:55]} Bb4 {[%clk
01:29:57]} {[%emt 00:01:12]} 4. f3 {[%clk 01:31:11]} {[%emt 00:00:21]} Ba5
{[%clk 01:28:07]} {[%emt 00:02:20]} 5. Rb1 {[%clk 01:29:47]} {[%emt 00:01:54]}
c6 {[%clk 01:28:31]} {[%emt 00:00:06]} 6. e4 {[%clk 01:23:24]} {[%emt
00:06:53]} d5 {[%clk 01:25:01]} {[%emt 00:04:00]} 7. e5 {[%clk 01:20:54]}
{[%emt 00:03:00]} Ng8 {[%clk 01:12:41]} {[%emt 00:12:50]} 8. b4 {[%clk
01:09:02]} {[%emt 00:12:22]} Bc7 {[%clk 01:12:33]} {[%emt 00:00:40]} 9. cxd5
{[%clk 01:00:38]} {[%emt 00:08:51]} exd5 {[%clk 01:09:58]} {[%emt 00:03:03]} 10.
f4 {[%clk 01:00:28]} {[%emt 00:00:42]} Bb6 {[%clk 01:01:11]} {[%emt 00:09:18]}
11. Nf3 {[%clk 00:57:48]} {[%emt 00:03:10]} Bg4 {[%clk 00:56:37]} {[%emt
00:05:02]} 12. Be3 {[%clk 00:57:56]} {[%emt 00:00:23]} Nh6 {[%clk 00:42:32]}
{[%emt 00:14:34]} 13. Be2 {[%clk 00:55:39]} {[%emt 00:02:47]} Nd7 {[%clk
00:34:15]} {[%emt 00:08:47]} 14. O-O {[%clk 00:49:54]} {[%emt 00:06:15]} O-O
{[%clk 00:33:02]} {[%emt 00:01:42]} 15. h3 {[%clk 00:44:40]} {[%emt 00:05:44]}
Bxf3 {[%clk 00:31:04]} {[%emt 00:02:27]} 16. Bxf3 {[%clk 00:45:00]} {[%emt
00:00:11]} f6 {[%clk 00:28:34]} {[%emt 00:03:01]} 17. Na4 {[%clk 00:23:33]}
{[%emt 00:21:56]} fxe5 {[%clk 00:27:26]} {[%emt 00:01:37]} 18. Nxb6 {[%clk
00:20:05]} {[%emt 00:04:00]} Qxb6 {[%clk 00:27:00]} {[%emt 00:00:56]} 19. b5
{[%clk 00:18:52]} {[%emt 00:01:43]} Nf5 {[%clk 00:18:08]} {[%emt 00:09:20]} 20.
bxc6 {[%clk 00:14:56]} {[%emt 00:04:28]} Qxc6 {[%clk 00:18:36]} {[%emt
00:00:02]} 21. dxe5 {[%clk 00:13:14]} {[%emt 00:02:13]} Nxe3 {[%clk 00:18:23]}
{[%emt 00:00:43]} 22. Qd3 {[%clk 00:13:40]} {[%emt 00:00:03]} Rxf4 {[%clk
00:06:03]} {[%emt 00:12:49]} 23. Qxe3 {[%clk 00:14:04]} {[%emt 00:00:06]} Rc4
{[%clk 00:05:24]} {[%emt 00:01:10]} 24. Rfd1 {[%clk 00:09:29]} {[%emt
00:05:05]} Rc5 {[%clk 00:05:28]} {[%emt 00:00:26]} 25. e6 {[%clk 00:09:26]}
{[%emt 00:00:33]} Nf6 {[%clk 00:04:11]} {[%emt 00:01:46]} 26. Rxb7 {[%clk
00:09:34]} {[%emt 00:00:23]} Qxb7 {[%clk 00:04:01]} {[%emt 00:00:40]} 27. Qxc5
{[%clk 00:09:58]} {[%emt 00:00:05]} Re8 {[%clk 00:04:00]} {[%emt 00:00:30]} 28.
Bxd5 {[%clk 00:09:03]} {[%emt 00:01:27]} Nxd5 {[%clk 00:04:25]} {[%emt
00:00:05]} 29. Rxd5 {[%clk 00:09:28]} {[%emt 00:00:05]} h6 {[%clk 00:01:10]}
{[%emt 00:03:45]} 30. Rd6 {[%clk 00:08:09]} {[%emt 00:01:48]} Qb1+ {[%clk
00:00:57]} {[%emt 00:00:42]} 31. Kh2 {[%clk 00:08:27]} {[%emt 00:00:13]} Qe4
{[%clk 00:01:09]} {[%emt 00:00:18]} 32. a3 {[%clk 00:01:51]} {[%emt 00:07:06]}
Rxe6 {[%clk 00:00:42]} {[%emt 00:00:57]} 33. Rxe6 {[%clk 00:02:20]} {[%emt
00:00:01]} Qxe6 {[%clk 00:01:06]} {[%emt 00:00:06]} 34. Qxa7 {[%clk 00:02:45]}
{[%emt 00:00:05]} Qe5+ {[%clk 00:01:16]} {[%emt 00:00:19]} 35. Kh1 {[%clk
00:02:40]} {[%emt 00:00:35]} Qa1+ {[%clk 00:01:43]} {[%emt 00:00:03]} 36. Kh2
{[%clk 00:02:57]} {[%emt 00:00:13]} Qe5+ {[%clk 00:02:11]} {[%emt 00:00:02]} 37.
Kh1 {[%clk 00:03:22]} {[%emt 00:00:05]} Qa1+ {[%clk 00:02:38]} {[%emt
00:00:03]} 38. Kh2 {[%clk 00:03:48]} {[%emt 00:00:03]} 1/2-1/2

[Event "FIDE World Cup 2025"]
[Site "Goa, India"]
[Date "2025.11.01"]
[Round "1.30"]
[White "Jobava, Baadur"]
[Black "Cardoso Cardoso, Jose Gabriel"]
[Result "1-0"]
[TimeControl ": 90 minutes for the first 40 moves, followed by 30 minutes for the rest of the gamewith an increment of 30 seconds per move starting from move 1"]
[WhiteFideId "13601520"]
[BlackFideId "4430492"]
[WhiteElo "2590"]
[BlackElo "2518"]

1. e4 {[%clk 01:30:15]} {[%emt 00:00:44]} c6 {[%clk 01:30:46]} {[%emt
00:00:15]} 2. d4 {[%clk 01:30:15]} {[%emt 00:00:29]} d5 {[%clk 01:31:03]}
{[%emt 00:00:13]} 3. e5 {[%clk 01:29:38]} {[%emt 00:01:08]} Bf5 {[%clk
01:31:12]} {[%emt 00:00:20]} 4. g4 {[%clk 01:29:25]} {[%emt 00:00:43]} Be4
{[%clk 01:30:02]} {[%emt 00:01:40]} 5. f3 {[%clk 01:29:43]} {[%emt 00:00:12]}
Bg6 {[%clk 01:30:22]} {[%emt 00:00:09]} 6. e6 {[%clk 01:28:06]} {[%emt
00:02:08]} fxe6 {[%clk 01:29:43]} {[%emt 00:01:09]} 7. h4 {[%clk 01:28:06]}
{[%emt 00:00:29]} h5 {[%clk 01:26:03]} {[%emt 00:04:10]} 8. Bd3 {[%clk
01:23:46]} {[%emt 00:04:51]} Bxd3 {[%clk 01:25:15]} {[%emt 00:01:18]} 9. Qxd3
{[%clk 01:24:09]} {[%emt 00:00:08]} Qd6 {[%clk 01:23:47]} {[%emt 00:01:57]} 10.
Ne2 {[%clk 01:10:28]} {[%emt 00:14:11]} Nd7 {[%clk 01:23:36]} {[%emt 00:00:41]}
11. Qg6+ {[%clk 00:29:42]} {[%emt 00:41:16]} Kd8 {[%clk 01:23:47]} {[%emt
00:00:19]} 12. Bg5 {[%clk 00:29:51]} {[%emt 00:00:21]} Ngf6 {[%clk 01:12:58]}
{[%emt 00:11:19]} 13. Nd2 {[%clk 00:15:00]} {[%emt 00:15:21]} e5 {[%clk
00:57:17]} {[%emt 00:16:12]} 14. O-O-O {[%clk 00:13:21]} {[%emt 00:02:09]} Ne4
{[%clk 00:44:50]} {[%emt 00:12:56]} 15. Qf7 {[%clk 00:12:03]} {[%emt 00:01:47]}
Nxd2 {[%clk 00:35:55]} {[%emt 00:09:26]} 16. Rxd2 {[%clk 00:11:11]} {[%emt
00:01:23]} exd4 {[%clk 00:35:55]} {[%emt 00:00:29]} 17. f4 {[%clk 00:04:55]}
{[%emt 00:06:46]} Kc7 {[%clk 00:15:40]} {[%emt 00:20:45]} 18. Nxd4 {[%clk
00:04:57]} {[%emt 00:00:28]} Rc8 {[%clk 00:15:58]} {[%emt 00:00:11]} 19. Nf5
{[%clk 00:01:31]} {[%emt 00:03:57]} Qc5 {[%clk 00:12:49]} {[%emt 00:03:38]} 20.
Re1 {[%clk 00:01:57]} {[%emt 00:00:04]} Nf6 {[%clk 00:06:36]} {[%emt 00:06:43]}
21. Bxf6 {[%clk 00:01:48]} {[%emt 00:00:40]} gxf6 {[%clk 00:06:55]} {[%emt
00:00:11]} 22. g5 {[%clk 00:02:14]} {[%emt 00:00:04]} fxg5 {[%clk 00:03:15]}
{[%emt 00:04:09]} 23. fxg5 {[%clk 00:02:40]} {[%emt 00:00:05]} Kb8 {[%clk
00:03:05]} {[%emt 00:00:40]} 24. g6 {[%clk 00:02:29]} {[%emt 00:00:41]} Qc4
{[%clk 00:03:08]} {[%emt 00:00:27]} 25. Kb1 {[%clk 00:01:14]} {[%emt 00:01:45]}
Qf4 {[%clk 00:02:39]} {[%emt 00:00:58]} 26. Rdd1 {[%clk 00:01:22]} {[%emt
00:00:22]} e6 {[%clk 00:01:47]} {[%emt 00:01:22]} 27. Rxe6 {[%clk 00:00:50]}
{[%emt 00:01:02]} Bc5 {[%clk 00:00:42]} {[%emt 00:01:35]} 28. g7 {[%clk
00:01:16]} {[%emt 00:00:04]} Qg4 {[%clk 00:00:32]} {[%emt 00:00:40]} 29. Rde1
{[%clk 00:01:25]} {[%emt 00:00:21]} Rhg8 {[%clk 00:00:37]} {[%emt 00:00:26]} 30.
a3 {[%clk 00:01:39]} {[%emt 00:00:16]} Bd4 {[%clk 00:00:39]} {[%emt 00:00:28]}
31. Re7 {[%clk 00:01:25]} {[%emt 00:00:44]} Qf4 {[%clk 00:00:32]} {[%emt
00:00:37]} 32. Rxb7+ {[%clk 00:01:07]} {[%emt 00:00:48]} Ka8 {[%clk 00:01:01]}
33. Nxd4 {[%clk 00:01:15]} {[%emt 00:00:22]} 1-0

[Event "FIDE World Cup 2025"]
[Site "Goa, India"]
[Date "2025.11.01"]
[Round "1.31"]
[White "Peng, Xiongjian"]
[Black "Ghosh, Diptayan"]
[Result "1/2-1/2"]
[TimeControl ": 90 minutes for the first 40 moves, followed by 30 minutes for the rest of the gamewith an increment of 30 seconds per move starting from move 1"]
[WhiteFideId "8610550"]
[BlackFideId "5045207"]
[WhiteElo "2521"]
[BlackElo "2573"]

1. e4 {[%clk 01:30:57]} {[%emt 00:00:02]} e5 {[%clk 01:30:32]} {[%emt
00:00:29]} 2. Nf3 {[%clk 01:31:19]} {[%emt 00:00:08]} Nc6 {[%clk 01:30:57]}
{[%emt 00:00:05]} 3. d4 {[%clk 01:31:42]} {[%emt 00:00:07]} exd4 {[%clk
01:30:53]} {[%emt 00:00:34]} 4. Nxd4 {[%clk 01:32:04]} {[%emt 00:00:07]} Qf6
{[%clk 01:29:49]} {[%emt 00:01:35]} 5. Nf3 {[%clk 01:31:28]} {[%emt 00:01:06]}
Bb4+ {[%clk 01:27:32]} {[%emt 00:02:47]} 6. c3 {[%clk 01:31:49]} {[%emt
00:00:08]} Bc5 {[%clk 01:27:58]} {[%emt 00:00:04]} 7. Bg5 {[%clk 01:28:44]}
{[%emt 00:03:35]} Qg6 {[%clk 01:25:31]} {[%emt 00:02:58]} 8. Nbd2 {[%clk
01:29:05]} {[%emt 00:00:09]} Nf6 {[%clk 01:20:01]} {[%emt 00:06:00]} 9. Qc2
{[%clk 01:16:23]} {[%emt 00:13:12]} O-O {[%clk 01:08:47]} {[%emt 00:11:43]} 10.
Bd3 {[%emt 00:11:00]} Ne5 {[%clk 01:04:05]} 11. O-O {[%clk 01:11:25]} {[%emt
00:00:10]} d6 {[%clk 01:03:05]} {[%emt 00:01:30]} 12. b4 {[%clk 01:08:52]}
{[%emt 00:03:04]} Nxd3 {[%clk 00:56:36]} {[%emt 00:06:59]} 13. Qxd3 {[%clk
01:09:15]} {[%emt 00:00:07]} Bb6 {[%clk 00:57:03]} {[%emt 00:00:03]} 14. Bxf6
{[%clk 01:08:05]} {[%emt 00:01:40]} Qxf6 {[%clk 00:55:46]} {[%emt 00:01:47]} 15.
Nc4 {[%clk 01:08:26]} {[%emt 00:00:09]} Be6 {[%clk 00:52:56]} {[%emt 00:03:20]}
16. Nxb6 {[%clk 00:59:09]} {[%emt 00:09:47]} axb6 {[%clk 00:53:12]} {[%emt
00:00:14]} 17. a3 {[%clk 00:59:35]} {[%emt 00:00:05]} Rfe8 {[%clk 00:50:27]}
{[%emt 00:03:15]} 18. c4 {[%clk 00:59:04]} {[%emt 00:01:01]} h6 {[%clk
00:44:19]} {[%emt 00:06:38]} 19. Rfe1 {[%clk 00:58:30]} {[%emt 00:01:03]} Qg6
{[%clk 00:38:40]} {[%emt 00:06:10]} 20. Nd4 {[%clk 00:58:10]} {[%emt 00:00:50]}
Bd7 {[%clk 00:38:35]} {[%emt 00:00:35]} 21. h3 {[%clk 00:56:06]} {[%emt
00:02:33]} Qf6 {[%clk 00:24:39]} {[%emt 00:14:26]} 22. Rad1 {[%clk 00:55:31]}
{[%emt 00:01:05]} Re7 {[%clk 00:22:50]} {[%emt 00:02:20]} 23. Re3 {[%clk
00:55:20]} {[%emt 00:00:40]} Rae8 {[%clk 00:22:19]} {[%emt 00:01:01]} 24. Rde1
{[%clk 00:54:18]} {[%emt 00:01:32]} Qh4 {[%clk 00:21:09]} {[%emt 00:01:41]} 25.
Nb5 {[%clk 00:45:34]} {[%emt 00:09:14]} Bxb5 {[%clk 00:19:31]} {[%emt
00:02:08]} 26. cxb5 {[%clk 00:45:58]} {[%emt 00:00:05]} Re5 {[%clk 00:17:37]}
{[%emt 00:02:24]} 27. a4 {[%clk 00:46:07]} {[%emt 00:00:21]} Qd8 {[%clk
00:13:32]} {[%emt 00:04:34]} 28. Qc2 {[%clk 00:39:37]} {[%emt 00:07:00]} Qd7
{[%clk 00:12:10]} {[%emt 00:01:52]} 29. Rc3 {[%clk 00:37:46]} {[%emt 00:02:21]}
R5e7 {[%clk 00:11:17]} {[%emt 00:01:23]} 30. f3 {[%clk 00:34:20]} {[%emt
00:03:56]} Rc8 {[%clk 00:05:48]} {[%emt 00:06:00]} 31. Rd1 {[%clk 00:33:18]}
{[%emt 00:01:31]} Kh8 {[%clk 00:05:38]} {[%emt 00:00:40]} 32. Kh1 {[%clk
00:32:30]} {[%emt 00:01:18]} Kg8 {[%clk 00:05:54]} {[%emt 00:00:15]} 33. Rc1
{[%clk 00:31:32]} {[%emt 00:01:28]} Kh8 {[%clk 00:06:04]} {[%emt 00:00:20]} 34.
Qd3 {[%clk 00:31:12]} {[%emt 00:00:50]} c5 {[%clk 00:04:16]} {[%emt 00:02:18]}
35. a5 {[%clk 00:27:40]} {[%emt 00:04:02]} bxa5 {[%clk 00:04:32]} {[%emt
00:00:14]} 36. bxa5 {[%clk 00:28:04]} {[%emt 00:00:06]} Ra8 {[%clk 00:04:31]}
{[%emt 00:00:31]} 37. Ra3 {[%clk 00:28:02]} {[%emt 00:00:32]} Qd8 {[%clk
00:04:27]} {[%emt 00:00:33]} 38. a6 {[%clk 00:19:38]} {[%emt 00:08:54]} Qb6
{[%clk 00:04:40]} {[%emt 00:00:17]} 39. Rd1 {[%clk 00:19:16]} {[%emt 00:00:51]}
Rd7 {[%clk 00:04:17]} {[%emt 00:00:54]} 40. Qc4 {[%clk 00:16:50]} {[%emt
00:02:56]} f6 {[%clk 00:03:20]} {[%emt 00:01:27]} 41. Raa1 {[%clk 00:12:20]}
{[%emt 00:05:00]} Rdd8 {[%clk 00:28:55]} {[%emt 00:04:55]} 42. Rdb1 {[%clk
00:42:04]} {[%emt 00:00:45]} Rdb8 {[%clk 00:27:15]} {[%emt 00:02:11]} 43. Qd3
{[%clk 00:40:22]} {[%emt 00:02:12]} c4 {[%clk 00:23:32]} {[%emt 00:04:14]} 44.
Qxc4 {[%clk 00:39:29]} {[%emt 00:01:22]} bxa6 {[%clk 00:23:44]} {[%emt
00:00:18]} 45. Qa4 {[%clk 00:34:19]} {[%emt 00:05:40]} Ra7 {[%clk 00:16:13]}
{[%emt 00:08:02]} 46. Qa5 {[%clk 00:29:59]} {[%emt 00:04:50]} Rbb7 {[%clk
00:14:12]} {[%emt 00:02:32]} 47. Qxb6 {[%clk 00:24:27]} {[%emt 00:06:03]} Rxb6
{[%clk 00:14:38]} {[%emt 00:00:04]} 48. bxa6 {[%clk 00:24:52]} {[%emt
00:00:05]} Raxa6 {[%clk 00:14:55]} {[%emt 00:00:13]} 49. Kh2 {[%clk 00:25:05]}
{[%emt 00:00:16]} Kh7 {[%clk 00:14:47]} {[%emt 00:00:39]} 50. Rxa6 {[%clk
00:25:21]} {[%emt 00:00:14]} Rxa6 {[%clk 00:15:14]} {[%emt 00:00:02]} 51. Rb7
{[%clk 00:25:44]} {[%emt 00:00:06]} h5 {[%clk 00:13:46]} {[%emt 00:01:58]} 52.
h4 {[%clk 00:24:56]} {[%emt 00:01:18]} Ra2 {[%clk 00:12:08]} {[%emt 00:02:08]}
53. Rb5 {[%clk 00:24:55]} {[%emt 00:00:32]} Kg6 {[%clk 00:12:33]} {[%emt
00:00:05]} 54. Rd5 {[%clk 00:25:21]} {[%emt 00:00:04]} Ra6 {[%clk 00:13:01]}
{[%emt 00:00:03]} 55. Kg3 {[%clk 00:25:44]} {[%emt 00:00:07]} Rb6 {[%clk
00:13:25]} {[%emt 00:00:06]} 56. Kf4 {[%clk 00:25:57]} {[%emt 00:00:17]} Rb2
{[%clk 00:13:35]} {[%emt 00:00:20]} 57. g3 {[%clk 00:24:24]} {[%emt 00:02:02]}
Rb6 {[%clk 00:14:02]} {[%emt 00:00:04]} 58. Ra5 {[%clk 00:24:48]} {[%emt
00:00:06]} Rb3 {[%clk 00:13:16]} {[%emt 00:01:15]} 59. Ra7 {[%clk 00:25:03]}
{[%emt 00:00:15]} Kh6 {[%clk 00:12:03]} {[%emt 00:01:43]} 60. g4 {[%clk
00:24:00]} {[%emt 00:01:34]} hxg4 {[%clk 00:11:07]} {[%emt 00:01:26]} 61. Kxg4
{[%clk 00:24:03]} {[%emt 00:00:26]} Rd3 {[%clk 00:10:48]} {[%emt 00:00:49]} 62.
Rd7 {[%clk 00:24:21]} {[%emt 00:00:12]} Kg6 {[%clk 00:10:04]} {[%emt 00:01:14]}
63. h5+ {[%clk 00:22:12]} {[%emt 00:02:40]} Kh6 {[%clk 00:10:28]} {[%emt
00:00:06]} 64. f4 {[%clk 00:21:56]} {[%emt 00:00:45]} Rd1 {[%clk 00:10:09]}
{[%emt 00:00:49]} 65. Rd8 {[%clk 00:20:02]} {[%emt 00:02:24]} Kh7 {[%clk
00:09:34]} {[%emt 00:01:05]} 66. Kf3 {[%clk 00:17:17]} {[%emt 00:03:14]} Rf1+
{[%clk 00:09:15]} {[%emt 00:00:50]} 67. Ke3 {[%clk 00:17:24]} {[%emt 00:00:23]}
Re1+ {[%clk 00:09:40]} {[%emt 00:00:06]} 68. Kd4 {[%clk 00:16:11]} {[%emt
00:01:42]} Rd1+ {[%clk 00:09:19]} {[%emt 00:00:52]} 69. Ke3 {[%clk 00:16:21]}
{[%emt 00:00:20]} Re1+ {[%clk 00:09:45]} {[%emt 00:00:04]} 70. Kf3 {[%clk
00:15:57]} {[%emt 00:00:05]} 1/2-1/2

[Event "FIDE World Cup 2025"]
[Site "Goa, India"]
[Date "2025.11.01"]
[Round "1.32"]
[White "Ganguly, Surya Shekhar"]
[Black "Ahmadzada, Ahmad"]
[Result "1-0"]
[TimeControl ": 90 minutes for the first 40 moves, followed by 30 minutes for the rest of the gamewith an increment of 30 seconds per move starting from move 1"]
[WhiteFideId "5002150"]
[BlackFideId "13413007"]
[WhiteElo "2573"]
[BlackElo "2523"]

1. e4 {[%clk 01:30:43]} {[%emt 00:00:16]} e5 {[%clk 01:30:53]} {[%emt
00:00:08]} 2. Nf3 {[%clk 01:30:57]} {[%emt 00:00:15]} Nc6 {[%clk 01:31:17]}
{[%emt 00:00:06]} 3. Bb5 {[%clk 01:31:15]} {[%emt 00:00:13]} a6 {[%clk
01:31:30]} {[%emt 00:00:12]} 4. Ba4 {[%clk 01:31:36]} {[%emt 00:00:14]} Nf6
{[%clk 01:31:53]} {[%emt 00:00:07]} 5. O-O {[%clk 01:31:49]} {[%emt 00:00:16]}
Be7 {[%clk 01:32:11]} {[%emt 00:00:13]} 6. Bxc6 {[%clk 01:31:48]} {[%emt
00:00:31]} dxc6 {[%clk 01:32:33]} {[%emt 00:00:08]} 7. Re1 {[%clk 01:32:12]}
{[%emt 00:00:05]} Nd7 {[%clk 01:29:11]} {[%emt 00:03:53]} 8. c3 {[%clk
01:31:57]} {[%emt 00:00:45]} c5 {[%clk 01:21:53]} {[%emt 00:07:48]} 9. d4
{[%clk 01:32:03]} {[%emt 00:00:23]} cxd4 {[%clk 01:16:00]} {[%emt 00:06:23]} 10.
cxd4 {[%clk 01:32:27]} {[%emt 00:00:06]} exd4 {[%clk 01:15:57]} {[%emt
00:00:32]} 11. Qxd4 {[%clk 01:32:50]} {[%emt 00:00:07]} O-O {[%clk 01:15:28]}
{[%emt 00:01:00]} 12. Nc3 {[%clk 01:33:14]} {[%emt 00:00:05]} Bf6 {[%clk
01:03:45]} {[%emt 00:12:13]} 13. Qd5 {[%clk 01:33:29]} {[%emt 00:00:16]} c6
{[%clk 00:56:24]} {[%emt 00:07:51]} 14. Qh5 {[%clk 01:33:51]} {[%emt 00:00:06]}
g6 {[%clk 00:52:55]} {[%emt 00:04:00]} 15. Qh3 {[%clk 01:34:15]} {[%emt
00:00:05]} Ne5 {[%clk 00:49:10]} {[%emt 00:04:16]} 16. Qg3 {[%clk 01:34:38]}
{[%emt 00:00:07]} Nxf3+ {[%clk 00:48:48]} {[%emt 00:00:53]} 17. Qxf3 {[%clk
01:35:02]} {[%emt 00:00:05]} Bg7 {[%clk 00:49:07]} {[%emt 00:00:11]} 18. Bf4
{[%clk 01:28:41]} {[%emt 00:06:50]} Re8 {[%clk 00:44:51]} {[%emt 00:04:48]} 19.
Rad1 {[%clk 01:22:57]} {[%emt 00:06:13]} Qb6 {[%clk 00:40:25]} {[%emt
00:04:58]} 20. Rd2 {[%clk 01:18:31]} {[%emt 00:04:55]} Be6 {[%clk 00:34:03]}
{[%emt 00:06:52]} 21. Bd6 {[%clk 01:09:16]} {[%emt 00:09:45]} Bh6 {[%clk
00:27:08]} {[%emt 00:07:25]} 22. Rc2 {[%clk 00:57:25]} {[%emt 00:12:20]} Rad8
{[%clk 00:20:58]} {[%emt 00:06:42]} 23. Qg3 {[%clk 00:54:08]} {[%emt 00:03:45]}
Qd4 {[%clk 00:19:32]} {[%emt 00:01:57]} 24. Rd1 {[%clk 00:41:04]} {[%emt
00:13:36]} Qf6 {[%clk 00:19:13]} {[%emt 00:00:49]} 25. h4 {[%clk 00:36:53]}
{[%emt 00:04:40]} Rd7 {[%clk 00:10:11]} {[%emt 00:09:32]} 26. Re2 {[%clk
00:35:11]} {[%emt 00:02:12]} Red8 {[%clk 00:07:11]} {[%emt 00:03:31]} 27. Ree1
{[%clk 00:33:35]} {[%emt 00:02:05]} Bg4 {[%clk 00:05:03]} {[%emt 00:02:37]} 28.
e5 {[%clk 00:21:55]} {[%emt 00:12:11]} Qe6 {[%clk 00:05:19]} {[%emt 00:00:14]}
29. f3 {[%clk 00:20:50]} {[%emt 00:01:36]} Bf5 {[%clk 00:05:26]} {[%emt
00:00:22]} 30. Qf2 {[%clk 00:18:47]} {[%emt 00:02:33]} Bg7 {[%clk 00:01:07]}
{[%emt 00:04:49]} 31. g4 {[%clk 00:17:07]} {[%emt 00:02:10]} Bxg4 {[%clk
00:01:32]} {[%emt 00:00:05]} 32. fxg4 {[%clk 00:17:34]} {[%emt 00:00:04]} Qxg4+
{[%clk 00:01:55]} {[%emt 00:00:07]} 33. Kh2 {[%clk 00:17:58]} {[%emt 00:00:06]}
Re8 {[%clk 00:00:44]} {[%emt 00:01:41]} 34. Qg3 {[%clk 00:14:32]} {[%emt
00:03:55]} Qe6 {[%clk 00:00:33]} {[%emt 00:00:43]} 35. b3 {[%clk 00:13:20]}
{[%emt 00:01:42]} Rdd8 {[%clk 00:00:33]} {[%emt 00:00:30]} 36. Ne4 {[%clk
00:11:28]} {[%emt 00:02:21]} Bxe5 {[%clk 00:00:33]} {[%emt 00:00:30]} 37. Qxe5
{[%clk 00:11:08]} {[%emt 00:00:50]} Rxd6 {[%clk 00:00:45]} {[%emt 00:00:18]}
1-0